Dějiny a politika Eseje a úvahy z let 1977-1989

Guardado en:
Detalles Bibliográficos
Autor principal: Pithart, Petr
Formato: Libro
Lenguaje:checo
Publicado: Praha Prostor 1990
Edición:1. vyd.
Etiquetas: Agregar Etiqueta
Sin Etiquetas, Sea el primero en etiquetar este registro!

MARC

LEADER 00000nam a2200000 4500
001 c029675
005 20221215115846.1
041 0 |a cze 
044 |a CZ 
245 1 0 |a Dějiny a politika  |b Eseje a úvahy z let 1977-1989  |c Peter Pithart 
250 |a 1. vyd. 
264 1 |a Praha  |b Prostor  |c 1990 
300 |a 369 s. 
100 1 |a Pithart, Petr